Dimensión social de la cultura. Gestión cultural para el desarrollo sostenible (Record no. 8142)

MARC details
000 -CABECERA
campo de control de longitud fija 00849nam a2200253 a 4500
001 - NÚMERO DE CONTROL
campo de control BRCA_8475
005 - FECHA Y HORA DE LA ÚLTIMA TRANSACCIÓN
campo de control 20190320210311.0
008 - DATOS DE LONGITUD FIJA--INFORMACIÓN GENERAL
campo de control de longitud fija 160216s2014----mx-d######---#000-0#spa-#
020 ## - NÚMERO INTERNACIONAL ESTÁNDAR DEL LIBRO
Número Internacional Estándar del Libro 9703507581 (Colección)
020 ## - NÚMERO INTERNACIONAL ESTÁNDAR DEL LIBRO
Número Internacional Estándar del Libro 9786078423095
041 ## - CÓDIGO DE LENGUA
Código de lengua del texto/banda sonora o título independiente spa
044 ## - CÓDIGO DEL PAÍS DE LA ENTIDAD EDITORA/PRODUCTORA
Código MARC del país mx
050 #4 - SIGNATURA TOPOGRÁFICA DE LA BIBLIOTECA DEL CONGRESO
Número de clasificación GN365.4
Número de documento/Ítem .R43 2014
100 1# - ENTRADA PRINCIPAL--NOMBRE DE PERSONA
Nombre de persona Recaman Mejía, Ana Lucía
9 (RLIN) 21230
245 10 - MENCIÓN DE TÍTULO
Título Dimensión social de la cultura. Gestión cultural para el desarrollo sostenible
Mención de responsabilidad, etc. Ana Lucía Recaman Mejía y Margarita Maass Moreno.
260 ## - PUBLICACIÓN, DISTRIBUCIÓN, ETC.
Lugar de publicación, distribución, etc. México
Nombre del editor, distribuidor, etc. CONACULTA
Fecha de publicación, distribución, etc. 2014
300 ## - DESCRIPCIÓN FÍSICA
Extensión 193 p.
Otras características físicas il.
440 #0 - MENCIÓN DE SERIE/PUNTO DE ACCESO ADICIONAL--TÍTULO
Título Colección Intersecciones
Designación de volumen o secuencia 33
9 (RLIN) 21231
504 ## - NOTA DE BIBLIOGRAFÍA, ETC.
Nota de bibliografía, etc. Bibliografía : p. 183-190
650 14 - PUNTO DE ACCESO ADICIONAL DE MATERIA--TÉRMINO DE MATERIA
Término de materia o nombre geográfico como elemento de entrada Difusión de la cultura
Subdivisión geográfica México
9 (RLIN) 21232
651 #4 - PUNTO DE ACCESO ADICIONAL DE MATERIA--NOMBRE GEOGRÁFICO
Nombre geográfico México
Subdivisión general Vida intelectual
9 (RLIN) 21233
700 1# - PUNTO DE ACCESO ADICIONAL--NOMBRE DE PERSONA
Nombre de persona Maass Moreno, Margarita
Término indicativo de función/relación coaut.
9 (RLIN) 21234
942 ## - ELEMENTOS DE PUNTO DE ACCESO ADICIONAL (KOHA)
Fuente del sistema de clasificación o colocación Library of Congress Classification
Tipo de ítem Koha Libros
Holdings
Estado de retiro Estado de pérdida Estado dañado No para préstamo Localización permanente Ubicación/localización actual Fecha de adquisición Total de préstamos Signatura topográfica completa Código de barras Fecha visto por última vez Precio válido a partir de Tipo de ítem Koha
El ejemplar forma parte de la colección y puede ser consultado según las políticas vigentes.       Biblioteca del Museo Franz Mayer (Rogerio Casas-Alatriste) Biblioteca del Museo Franz Mayer (Rogerio Casas-Alatriste) 16/02/2016   GN365.4 .R43 2014 02913 22/03/2019 22/03/2019 Libros